| 000 | 00711cam a2200253 a 4500 | ||
|---|---|---|---|
| 999 |
_c5187 _d5187 |
||
| 001 | 5187 | ||
| 003 | BD-JhCC | ||
| 005 | 20171210162318.0 | ||
| 008 | 790208s1977 enk | |||| ||eng|| | ||
| 020 | _a0712109498 | ||
| 035 | _a(BD-JhCC) | ||
| 040 |
_aBD-JhCC _dBD-JhCC |
||
| 041 | _aeng | ||
| 082 |
_a330.076 _bCUR 1977 |
||
| 100 | 1 |
_aCurzon, L. B. _q(Leslie Basil) |
|
| 245 | 1 | 3 |
_aAn introduction to economics : _ba workbook and study guide / _cL.B. Curzon. |
| 260 |
_aPlymouth : _bMacdonald and Evans, _c1977. |
||
| 300 |
_aix,190p ; _c21cm. |
||
| 500 | _aWith answers. | ||
| 500 | _aBibliography: p.vii-viii. | ||
| 650 | 0 |
_aEconomics _vProblems, exercises, etc. |
|
| 942 |
_2ddc _cBK |
||